Statistiques concernant Trouve les paroles - Tous les mêmes - Stromae

Cliquez ici pour prendre le quiz!

Statistiques générales

  • Ce quiz a été pris 788 fois
  • Le résultat moyen est 185 sur 237

Statistiques - réponses

Réponse% Correct
même
99%
les
98%
Tous
98%
tous
98%
à
96%
a
96%
Et
96%
de
94%
mêmes
94%
ce
93%
Tu
92%
tu
92%
au
91%
es
91%
hommes
91%
je
90%
Que
90%
que
90%
Vous
90%
vous
90%
pas
89%
la
87%
87%
ne
87%
c'est
86%
C'est
86%
prochain
85%
Rendez-vous
85%
aux
84%
Il
84%
Moi
84%
moi
84%
Elle
83%
elle
83%
en
83%
est
83%
Mais
83%
mais
83%
qui
83%
suis
83%
y
83%
prochaines
82%
règlement
82%
une
82%
êtes
81%
infidèles
81%
Sûrement
81%
sûrement
81%
ta
81%
bande
80%
mes
80%
non
80%
règles
80%
Si
80%
mère
79%
mon
79%
pour
79%
valises
79%
certaine
78%
côté
78%
fois
78%
mauviettes
78%
dernière
77%
Macho
77%
aime
76%
avez
76%
chance
76%
prévisibles
76%
t'idéalise
76%
toi
76%
Toi
76%
tout
76%
derrière
75%
diras
75%
qu'on
75%
revoir
75%
Avec
73%
autre
72%
d'la
72%
marre
72%
Mate
72%
merci
72%
perds
72%
pire
72%
serait
72%
Cette
71%
c'que
71%
ou
71%
Ou
71%
c'était
70%
pensais
70%
réagir
70%
l'envers
69%
t'y
69%
veux
69%
aussi
68%
des
68%
l'monde
68%
maintenant
68%
sais
68%
seulement
68%
t'faire
68%
crise
67%
peux
67%
Quoi
67%
faire
66%
croire
65%
Dis-moi
65%
finir
65%
belle
64%
Belle
64%
n'vois
63%
présent
63%
qu'une
63%
absents
61%
aura
61%
élever
61%
jamais
61%
bon
60%
enfants
60%
l'disais
60%
vie
60%
du
59%
éternelle
59%
n'y
59%
Ah
57%
Moche
57%
plus
57%
Kate
56%
moins
56%
moment
56%
oui
56%
mens
55%
naturel
55%
comme
54%
l'bon
54%
Moss
54%
Arrête
53%
toujours
53%
Bête
51%
cheap
50%
n'serai
50%
Lorsque
47%
m'mérites
36%

Distribution des résultats

Percentile par nombre de réponses

% des personnes avec chaque résultat

Votre développement - résultats

Vous n’avez pas pris ce quiz